| 000 | 00944nam a2200277 i 4500 | ||
|---|---|---|---|
| 001 | 94103 | ||
| 003 | ES-MaACL | ||
| 005 | 20230906181409.0 | ||
| 007 | t| | ||
| 008 | 050621s2004 sp ||||1| spa d | ||
| 020 | _a84-306-0562-2 | ||
| 080 | _a929 Monturiol, Narciso | ||
| 080 | _a629.585(460)(091) | ||
| 100 | 1 |
_aStewart, Matthew. _9108189 |
|
| 245 | 1 | 3 |
_aEl sueño de Monturiol _b: la extraordinaria historia del inventor del submarino que quiso salvar el mundo / _cMatthew Stewart ; traducción de María Osorio Pitarch. |
| 260 |
_a[Madrid] : _bTaurus, _c[2004] |
||
| 300 |
_a408 p. : _bil. ; _c24 cm. |
||
| 490 | 1 | _aTaurus historia | |
| 504 | _aBibliografía: p. 387-394. | ||
| 600 | 1 | 4 |
_aMonturiol, Narciso. _982760 |
| 650 | 1 | 4 |
_aSubmarinos- _zEspaña- _xHistoria. _917237 |
| 700 | 1 |
_aOsorio Pitarch, María. _987776 |
|
| 830 | 0 |
_aTaurus historia _9180684 |
|
| 852 |
_aES-MaACL _jL-29181 _bR.135795 |
||
| 999 |
_c94103 _d94103 |
||